NBA Basketball Groups - Statistics

General Stats
  • This quiz has been taken 138 times
  • The average score is 31 of 54
Answer Stats
Hint Answer % Correct
2,500+ 3-Pointers Made Stephen Curry
97%
100+ Triple-Doubles Russell Westbrook
93%
100+ Triple-Doubles Nikola Jokic
88%
Finals MVP Born Outside USA Nikola Jokic
88%
2,500+ 3-Pointers Made Ray Allen
87%
Top Countries of Origin for NBA Players (2024) Canada
86%
100+ Triple-Doubles LeBron James
86%
Top Countries of Origin for NBA Players (2024) United States
86%
"Malice at the Palace" Teams Indiana Pacers
85%
Dunk Contest Winner and League MVP Michael Jordan
84%
Players/Coaches With More Rings Than Fingers Bill Russell
83%
Arenas in New York Madison Square Garden
83%
Teams With Zero Finals Appearances Charlotte Hornets
81%
National Broadcasting Networks ESPN / ABC
80%
Players/Coaches With More Rings Than Fingers Phil Jackson
80%
"Malice at the Palace" Teams Detroit Pistons
79%
100+ Triple-Doubles Oscar Robertson
77%
Recorded A Quadruple-Double Alvin Robertson
76%
2,500+ 3-Pointers Made James Harden
74%
100+ Triple-Doubles Magic Johnson
71%
200+ Technical Fouls Rasheed Wallace
69%
2,500+ 3-Pointers Made Reggie Miller
69%
Recorded A Quadruple-Double Hakeem Olajuwon
67%
Finals MVP Born Outside USA Hakeem Olajuwon
67%
Top Countries of Origin for NBA Players (2024) France
66%
1300+ Regular Season Coaching Wins Gregg Popovich
66%
Teams With Zero Finals Appearances New Orleans Pelicans
66%
Teams With Zero Finals Appearances Memphis Grizzlies
64%
Finals MVP Born Outside USA Dirk Nowitzki
63%
Teams With Zero Finals Appearances Los Angeles Clippers
63%
Teams With Zero Finals Appearances Minnesota Timberwolves
63%
Finals MVP Born Outside USA Giannis Antetokounmpo
61%
Top Countries of Origin for NBA Players (2024) Serbia
60%
National Broadcasting Networks TNT
60%
Dunk Contest Winner and League MVP Kobe Bryant
59%
Recorded A Quadruple-Double David Robinson
55%
Top Countries of Origin for NBA Players (2024) Australia
49%
100+ Triple-Doubles Jason Kidd
45%
200+ Technical Fouls Dennis Rodman
43%
2,500+ 3-Pointers Made Damian Lillard
39%
Finals MVP Born Outside USA Tony Parker
37%
Arenas in New York Barclays Center
36%
NBA Citizenship Award Winner and Suspended for 6+ Games Metta World Peace / Ron Artest
36%
200+ Technical Fouls Karl Malone
30%
Highest Paid Mascots (2024) Benny The Bull
26%
National Broadcasting Networks NBA TV
22%
1300+ Regular Season Coaching Wins Lenny Wilkens
21%
200+ Technical Fouls Charles Barkley
19%
1300+ Regular Season Coaching Wins Don Nelson
16%
Recorded A Quadruple-Double Nate Thurmond
14%
Highest Paid Mascots (2024) Rocky The Mountain Lion
11%
200+ Technical Fouls Gary Payton
8%
Highest Paid Mascots (2024) Harry The Hawk
4%
NBA Citizenship Award Winner and Suspended for 6+ Games Joakim Noah
0%
No matching quizzes found
Score Distribution
Percent of People with Each Score
Percentile by Number Answered
Your Score History
You have not taken this quiz